| 000 | 00000nam##2200000za#4500 |
| 001 | 9.672402 |
| 003 | CaOODSP |
| 005 | 20210615130845 |
| 007 | ta |
| 008 | 150407|2010||||xxc||||| f|0| 0 fre|d |
| 020 | |a978-1-100-52064-3 |
| 040 | |aCaOODSP|bfre |
| 041 | |aeng |
| 041 | |afre |
| 043 | |an-cn--- |
| 086 | 1 |aT29-79/2010 |
| 110 | 1 |aCanada. |bTransports Canada. |
| 245 | 10|aDemande de permis d'embarcation de plaisance / |c[publié par le] Bureau de la sécurité nautique. |
| 260 | |bTransports Canada |cc2010. |
| 300 | |a[2]p. : |bphotographies ; |c28 cm. + |eDemande de permis (1p.) |
| 563 | |aDépliant |
| 590 | |a10-43|b2010-10-29 |
| 691 | 07|aBateau de plaisance|2gcpds |
| 776 | 0#|tApplication for pleasure craft licence / |w(CaOODSP)9.693665 |
| 776 | 0#|tDemande de permis d'embarcation de plaisance / |w(CaOODSP)9.637840 |
| 791 | |tApplication for pleasure craft licence / |eeng|w(CaOODSP)9.672401 |
| 986 | |aTP 15049F |